| 000 | 01729nam a2200361 c 4500 | ||
|---|---|---|---|
| 003 | BLK | ||
| 005 | 20220611140656.0 | ||
| 008 | 180408b bul|||||r ||||||| ||bul|| | ||
| 010 | _aKNG00082960000 | ||
| 020 |
_a978-954-8477-26-0 _bиздат.: НСМ - Медиа |
||
| 040 | _aBLK | ||
| 041 |
_aBUL _cBUL |
||
| 080 |
_aРуска литература _b821.161.1 _x-312.6 _z821.161.1-312.6 |
||
| 080 |
_aОсобени духовни състояния и процеси. Медитация _b159.96 _x(092)(0:82-31) _z159.96(092)(0:82-31) |
||
| 080 |
_a _b929 Месинг, Волф Григориевич _x _z929 Месинг, Волф Григориевич |
||
| 100 | 1 |
_aВолодарски, Едуард Яковлевич _eпърви автор _949203 |
|
| 700 | 1 |
_aЧолаков, Любомир _eпрев. от рус. _9366573 |
|
| 139 |
_aВолодарски, Едуард Яковлевич _bВ 82 |
||
| 245 | 1 | 0 |
_aВолф Месинг - Пророкът _bДок. роман _cЕдуард Яковлевич Володарски; прев. от рус. Любомир Чолаков. |
| 257 | _aRUS | ||
| 260 |
_аСофия _bНСМ - Медиа _c2008 _fСофия : Експреспринт |
||
| 300 |
_a358 с. _c20 см |
||
| 380 | _aX | ||
| 500 | _aОриг. загл. Вольф Мессинг. Видевший сквозь время / Эдуард Володарский. - Офс. изд. | ||
| 600 | 1 | 4 |
_aМесинг, Волф Григориевич _9298756 |
| 653 | _aроманизувани биографии | ||
| 653 | _aВолф Месинг | ||
| 852 | _aЦб 239441 | ||
| 856 | 4 |
_qpdf _u |
|
| 856 | 4 |
_qpdf _u |
|
| 942 |
_cKNG _n0 _09 |
||
| 944 |
_aCR _c07.04.2008 _kВаля_Йорданова |
||
| 944 |
_aED _c12.10.2009 _k |
||
| 999 |
_c78494 _d78494 |
||